| 000 | 00472nam a22001817a 4500 | ||
|---|---|---|---|
| 003 | OSt | ||
| 005 | 20140310183109.0 | ||
| 008 | 130305t xxu||||| |||| 00| 0 eng d | ||
| 020 | _a9789712720666 | ||
| 050 |
_aPL 6058.9 _b.Sa43 2010 |
||
| 100 | _aSamar, Edgar Calabia. | ||
| 245 |
_aWalong diwata ng pagkahulog / _cSamar, Edgar Calabia. |
||
| 260 |
_aManila : _bAnvil, _c2009. |
||
| 300 |
_a233 p. : _c21 cm. |
||
| 562 | _e1 | ||
| 942 |
_2lcc _cBK _kFLIR |
||
| 999 |
_c18818 _d18818 |
||